|
|
|
|
| LEADER |
01731nam a2200433 i 4500 |
| 001 |
EBC4850732 |
| 003 |
MiAaPQ |
| 005 |
20191230131913.0 |
| 006 |
m o d | |
| 007 |
cr cnu|||||||| |
| 008 |
191230s2017 nyu o 000 0 eng d |
| 020 |
|
|
|z 9781606498828
|
| 020 |
|
|
|a 9781606498835 (e-book)
|
| 035 |
|
|
|a (MiAaPQ)EBC4850732
|
| 035 |
|
|
|a (Au-PeEL)EBL4850732
|
| 035 |
|
|
|a (CaPaEBR)ebr11380093
|
| 035 |
|
|
|a (OCoLC)986030570
|
| 040 |
|
|
|a MiAaPQ
|b eng
|e rda
|e pn
|c MiAaPQ
|d MiAaPQ
|
| 043 |
|
|
|a a-tu---
|
| 050 |
|
4 |
|a HD2741
|b .Y363 2017
|
| 082 |
0 |
|
|a 658.4
|2 23
|
| 100 |
1 |
|
|a Yamak, Sibel,
|e author.
|
| 245 |
1 |
2 |
|a A primer on corporate governance :
|b Turkey /
|c Sibel Yamak and Bengi Ertuna.
|
| 264 |
|
1 |
|a New York, New York :
|b Business Expert Press,
|c [2017]
|
| 264 |
|
4 |
|c 2017
|
| 300 |
|
|
|a 1 online resource (xi, 161 pages).
|
| 336 |
|
|
|a text
|b txt
|2 rdacontent
|
| 337 |
|
|
|a computer
|b c
|2 rdamedia
|
| 338 |
|
|
|a online resource
|b cr
|2 rdacarrier
|
| 490 |
1 |
|
|a Corporate governance collection
|
| 588 |
|
|
|a Description based on print version record.
|
| 590 |
|
|
|a Electronic reproduction. Ann Arbor, MI : ProQuest, 2018. Available via World Wide Web. Access may be limited to ProQuest affiliated libraries.
|
| 650 |
|
0 |
|a Corporate governance
|z Turkey.
|
| 655 |
|
4 |
|a Electronic books.
|
| 700 |
1 |
|
|a Ertuna, Bengi,
|e author.
|
| 776 |
0 |
8 |
|i Print version:
|a Yamak, Sibel.
|t Primer on corporate governance : Turkey.
|d New York, New York : Business Expert Press, c2017
|h xi, 161 pages
|k Corporate governance collection.
|z 9781606498828
|
| 797 |
2 |
|
|a ProQuest (Firm)
|
| 830 |
|
0 |
|a Corporate governance collection.
|
| 856 |
4 |
0 |
|u https://ebookcentral.proquest.com/lib/matrademy/detail.action?docID=4850732
|z Click to View
|